South American Countries and Capitals in Alphabetical Order - Statistics

General Stats
  • This quiz has been taken 422 times
  • The average score is 16 of 24
Answer Stats
Answer % Correct
Argentina
98%
Asunción
81%
Brazil
80%
Bogotá
79%
Brasília
79%
Bolivia
75%
Caracas
75%
Buenos Aires
73%
Chile
73%
Ecuador
72%
Colombia
71%
Guyana
66%
Georgetown
63%
Lima
63%
La Paz
61%
Montevideo
61%
Paraguay
59%
Peru
57%
Quito
57%
Uruguay
57%
Venezuela
57%
Paramaribo
54%
Santiago
53%
Suriname
51%
No matching quizzes found
Score Distribution
Percent of People with Each Score
Percentile by Number Answered
Your Score History
You have not taken this quiz